Quiz sull'Angola - Statistics

Statistiche generali
  • Questo quiz è stato fatto 453 volte
  • Il punteggio medio è 9 su 15
Statistiche sulle risposte
Hint Risposta % Corretto
Paese confinante che inizia per Z Zambia
97%
Paese che confina a sud con l'Angola Namibia
92%
Capitale Luanda
85%
Lingua ufficiale Portoghese
83%
Ideologia di stato dell'Angola dal 1975 al 1992 Comunismo
70%
Dalla fine del 1500 al 1820 molti schiavi furono catturati in Angola. In quale paese furono portati per la maggior parte? Brasile
68%
E' il 97% delle esportazioni dell'Angola Petrolio
68%
Angola e Lituania hanno ben poco in comune. Condividono però una cosa: questo è lo sport più popolare in entrambi i paesi. Basket
60%
Due lunghi fiumi che scorrono anche in Angola Congo
58%
Paese che riceve quasi i 2/3 delle esportazioni dell'Angola Cina
57%
Zambesi
47%
L'Angola è al quarto posto come produttore di questo minerale, dietro solo Russia, Botswana e Canada Diamanti
46%
Exclave angolana che produce più della metà di questa risorsa Cabinda
32%
Valuta dell'Angola Kwanza
25%
Gruppo di persone che hanno sostituito le popolazioni originarie di San e Khoi nel primo millennio a.C. Bantu
23%
Nessun quiz corrispondente trovato
Distribuzione punteggi
Percentuale di utenti per punteggio
Percentile per numero di risposta
I tuoi punteggi nel tempo
Non hai fatto questo quiz